000 01117nam a2200325 i 4500
001 000038013
003 DO-SdBNP
005 20260224122911.0
007 ta
008 130312s2012 dr a 001 0 spa d
020 _a9789945005905
040 _aDO-SdBNP
_bspa
_cBNPHU
_erda
041 _aspa
082 4 _a302.34
_bS684t
_222
100 1 _aSolano-Joseph, María Magdalena,
_d1957-
_eautor
_4aut.
_964412
245 1 0 _aTodo lo que brilla no es oro :
_bel poder de la amistad /
_cMaría Magdalena Solano-Joseph.
264 1 _aSanto Domingo :
_bmpresos Familia,
_c2012.
300 _a248 páginas :
_bilustraciones ;
_c22 cm.
336 _atexto
_btxt
_2rdacontent
337 _asin mediación
_bn
_2rdamedia
338 _avolumen
_bnc
_2rdacarrier
500 _aEn la portada: New York, USA.
500 _aIncluye datos biográficos del autor en la solapa.
590 _aInventariado, 2018/BT
650 4 _aAmistad
_vEnsayos, conferencias, etc.
_964413
650 7 _aConducta de vida
_2LIBRUNAM
_911947
650 4 _aRelaciones humanas
_9606
910 _aValidado. Control de calidad. EMS
942 _2ddc
_cLBS1
999 _c37503
_d37503